| 000 | 00501nam a22001697a 4500 | ||
|---|---|---|---|
| 003 | BT-PhCST | ||
| 020 | _a8177000160 | ||
| 040 |
_cBT-PhCST _dBT-PhCST |
||
| 082 |
_222 _a621.38119 |
||
| 100 | _aSawhney, A. K. and Sawhney, Puneet. | ||
| 245 | _aA course in electrical and electronic measurements and instrumentation / | ||
| 260 |
_aNew Delhi, _bDhanpat Rai & Co. Pvt. Ltd., _cc2001. |
||
| 300 |
_axviii, 1542p. ; _bill. ; _c22 cm. |
||
| 942 |
_2ddc _cEE _02 |
||
| 999 |
_c5705 _d5705 |
||
| 999 |
_c6082 _d6082 |
||
| 999 |
_c6082 _d6082 |
||